[Event "GER-ch U12"]
[Site "Oberhof"]
[Date "2012.06.01"]
[Round "10"]
[White "Heldt, Nils Lennart"]
[Black "Edelmann, Jonas"]
[Result "1-0"]
[WhiteElo "1408"]
[BlackElo "1289"]
[PlyCount "50"]
[EventDate "2012.05.27"]
[EventType "swiss"]
[EventRounds "11"]
[EventCountry "GER"]
[SourceTitle "CBM 148 Extra"]
[Source "ChessBase"]
[SourceDate "2012.06.22"]
[SourceVersion "1"]
[SourceVersionDate "2012.06.22"]
[SourceQuality "1"]

1. d4 Nf6 2. g3 g6 3. Bg2 Bg7 4. e4 d6 5. Nc3 0-0 6. Nge2 Nbd7 7. h3 e5 8. Be3 Re8 9. 0-0 exd4 10. Bxd4 Ne5 11. f4 Nc6 12. Bf2 Qd7 13. g4 b6 14. e5 dxe5 15. fxe5 Rxe5 16. Nd4 Bb7 17. Nxc6 Bxc6 18. Qxd7 Nxd7 19. Bxc6 Rd8 20. Rad1 Re7 21. Bg3 Re3 22. Bxc7 Rc8 23. Rxd7 h6 24. Nd5 Rxc7 25. Rxc7 Bd4 1-0

[Event "GER-ch U12"]
[Site "Oberhof"]
[Date "2012.05.30"]
[Round "6"]
[White "Savchenko, Daniel"]
[Black "Edelmann, Jonas"]
[Result "1-0"]
[WhiteElo "1628"]
[BlackElo "1289"]
[PlyCount "47"]
[EventDate "2012.05.27"]
[EventType "swiss"]
[EventRounds "11"]
[EventCountry "GER"]
[SourceTitle "CBM 148 Extra"]
[Source "ChessBase"]
[SourceDate "2012.06.22"]
[SourceVersion "1"]
[SourceVersionDate "2012.06.22"]
[SourceQuality "1"]

1. e4 c5 2. Nf3 e6 3. d4 cxd4 4. Nxd4 a6 5. Bd3 d6 6. 0-0 b5 7. a4 b4 8. a5 Qc7 9. Qe2 Bb7 10. Nd2 Nf6 11. N2b3 Be7 12. Bd2 d5 13. e5 Ne4 14. f4 Nxd2 15. Qxd2 Nc6 16. Nxc6 Qxc6 17. Rae1 Bc5+ 18. Kh1 Rc8 19. f5 exf5 20. Bxf5 Rd8 21. Nxc5 Qxc5 22. e6 f6 23. e7 Rd6 24. Qd3 1-0

[Event "GER-ch U12"]
[Site "Oberhof"]
[Date "2012.05.27"]
[Round "1"]
[White "Edelmann, Jonas"]
[Black "Rogozenco, Teodora Nana"]
[Result "0-1"]
[WhiteElo "1289"]
[BlackElo "1706"]
[PlyCount "46"]
[EventDate "2012.05.27"]
[EventType "swiss"]
[EventRounds "11"]
[EventCountry "GER"]
[SourceTitle "CBM 148 Extra"]
[Source "ChessBase"]
[SourceDate "2012.06.22"]
[SourceVersion "1"]
[SourceVersionDate "2012.06.22"]
[SourceQuality "1"]

1. e4 c5 2. Nf3 d6 3. d4 cxd4 4. Nxd4 Nf6 5. Nc3 g6 6. Be3 Bg7 7. f3 Nc6 8. Qd2 0-0 9. Bc4 Bd7 10. 0-0-0 Rc8 11. Bb3 Ne5 12. Kb1 Nc4 13. Bxc4 Rxc4 14. Bh6 Rxd4 15. Qxd4 Bxh6 16. g4 Bg7 17. Qxa7 Qc7 18. h4 Rc8 19. h5 Bxg4 20. fxg4 Nxe4 21. Rc1 Nxc3+ 22. bxc3 Qxc3 23. Qb6 Qa1# 0-1